| 000 | 01091nam a2200313Ia 4500 | ||
|---|---|---|---|
| 001 | Para_1723 | ||
| 003 | CHAP | ||
| 008 | 220125s1995 xx 000 0 und d | ||
| 010 | _a200341 | ||
| 040 | _cCHAP | ||
| 082 | _aPA 633.51 E8 | ||
| 111 |
_aEvento regional de evaluación de aspirantes para la aprobación en manejo fitosanitario en el cultivo del algodonero (1:1995:Guasave, Sin.) _9165217 |
||
| 245 |
_aMemorias / _c por Secretaría de Agricultura, Ganadería y Desarrollo Rural |
||
| 260 |
_aGuasave, Sin. : _b La Secretaría |
||
| 300 | _a241 p. | ||
| 650 |
_aAlgodón _x análisis _93964 |
||
| 650 |
_aAlgodón _x costos de producción _93991 |
||
| 650 |
_aAlgodón _x enfermedades _94006 |
||
| 650 |
_aAlgodón _x mejoramiento _94035 |
||
| 650 |
_aAlgodón _x plagas _94046 |
||
| 710 |
_aSecretaría de Agricultura, ganadería y desarrollo rural. México. _9140307 |
||
| 901 | _aPA 633.51 E8 | ||
| 902 | _aA | ||
| 905 | _a0000001995 0000000000 00 | ||
| 910 | _a1995 | ||
| 942 | _cPARA | ||
| 942 |
_cPARA _d1 |
||
| 999 |
_c200341 _d200341 |
||